Normal view MARC view
  • European drama

Entry Topical Term

Number of records used in: 1

001 - CONTROL NUMBER

  • control field: 153778

003 - CONTROL NUMBER IDENTIFIER

  • control field: TR-AnTOB

005 - DATE AND TIME OF LATEST TRANSACTION

  • control field: 20260417154647.0

008 - FIXED-LENGTH DATA ELEMENTS

  • fixed length control field: 260417n|eazannbab| |n aaa d

010 ## - LIBRARY OF CONGRESS CONTROL NUMBER

  • LC control number: sh2008103095

035 ## - SYSTEM CONTROL NUMBER

  • System control number: (TR-AnTOB)153778

040 ## - CATALOGING SOURCE

  • Original cataloging agency: DLC
  • Language of cataloging: eng
  • Transcribing agency: DLC
  • Modifying agency: TR-AnTOB

150 ## - HEADING--TOPICAL TERM

  • Topical term or geographic name entry element: European drama
  • Chronological subdivision: 20th century
  • General subdivision: History and criticism

450 ## - SEE FROM TRACING--TOPICAL TERM

  • Topical term or geographic name entry element: Avrupa draması
  • Chronological subdivision: 20. yüzyıl
  • General subdivision: Tarih ve eleştiri

670 ## - SOURCE DATA FOUND

  • Source citation: Work cat.: Nova europska drama, ili, Velika obmana, 2005

688 ## - APPLICATION HISTORY NOTE

  • Institution to which field applies: TR-AnTOB
  • Application history note: Op 17.04.2026

750 ## - ESTABLISHED HEADING LINKING ENTRY--TOPICAL TERM

  • Authority record control number or standard number: https://lccn.loc.gov/sh2008103095
  • Source of heading or term: lcsh
Devinim Yazılım Eğitim Danışmanlık tarafından Koha'nın orjinal sürümü uyarlanarak geliştirilip kurulmuştur.